La contragerigonza o refutación jocoseria del ensayo histórico crítico sobre la Mogico y Mauleon... Por el apoderado del alma del Licenciado Elizondo : En Panzacola-Agosto de 1833... / (Record no. 134621)

MARC details
000 -LEADER
campo de control de longitud fija 00887nam a2200217 i 4500
001 - NÚMERO DE CONTROL
campo de control 134621
003 - IDENTIFICADOR DE NÚMERO DE CONTROL
campo de control ES-MaACL
005 - FECHA Y HORA DE LA ÚLTIMA TRANSACCIÓN
campo de control 20250809044623.0
007 - CAMPO FIJO DE DESCRIPCIÓN FÍSICA--INFORMACIÓN GENERAL
campo de control de longitud fija t|
008 - DATOS DE LONGITUD FIJA--INFORMACIÓN GENERAL
campo de control de longitud fija 070912s1966 sp ||||1| spa d
100 1# - ENTRADA PRINCIPAL--NOMBRE DE PERSONA
Nombre de persona Yanguas y Miranda, José.
9 (RLIN) 117557
245 13 - MENCIÓN DEL TÍTULO
Título La contragerigonza o refutación jocoseria del ensayo histórico crítico sobre la Mogico y Mauleon... Por el apoderado del alma del Licenciado Elizondo : En Panzacola-Agosto de 1833... /
Mención de responsabilidad, etc. José Yanguas y Miranda.
260 ## - PUBLICACIÓN, DISTRIBUCIÓN, ETC.
Lugar de publicación, distribución, etc. Pamplona :
Nombre del editor, distribuidor, etc. [Institución Príncipe de Viana],
Fecha de publicación, distribución, etc. 1966.
300 ## - DESCRIPCIÓN FÍSICA
Extensión 131 p. ;
Dimensiones 22 cm.
490 1# - MENCIÓN DE SERIE
Mención de serie Biblioteca de Derecho Foral ;
Designación de volumen o secuencia 9
650 14 - PUNTO DE ACCESO ADICIONAL DE MATERIA--TÉRMINO DE MATERIA
Término de materia o nombre geográfico como elemento de entrada Fueros-
Subdivisión geográfica Navarra (Comunidad Autónoma)
9 (RLIN) 12993
710 2# - ENTRADA AGREGADA--NOMBRE DE ENTIDAD CORPORATIVA
Nombre de entidad corporativa o nombre de jurisdicción como elemento de entrada Institución Príncipe de Viana
9 (RLIN) 4730
830 00 - PUNTO DE ACCESO ADICIONAL DE SERIE-TÍTULO UNIFORME
Título uniforme Biblioteca de derecho foral
Designación de volumen o secuencia 9
9 (RLIN) 181069
852 ## - LOCALIZACIÓN
Ubicación ES-MaACL
Número de control de estantería C-30515
Sublocalización o colección R.70122
Holdings
Estatus retirado Estado de pérdida Estado de daño No para préstamo Biblioteca de origen Biblioteca actual Ubicación en estantería Fecha de adquisición Fuente de adquisición Total de préstamos Signatura topográfica completa Código de barras Visto por última vez Precio de reemplazo Tipo de ítem Koha
        Biblioteca del Ateneo de Madrid Biblioteca del Ateneo de Madrid Depósito 2 17/01/2008     C-30515 1140124 23/02/2023 23/02/2023 Libro impreso